|
|
|
|
| LEADER |
01914nam a22004454a 4500 |
| 001 |
EBC459511 |
| 003 |
MiAaPQ |
| 005 |
20200520144314.0 |
| 006 |
m o d | |
| 007 |
cr cn||||||||| |
| 008 |
041130s2005 dcuab sbs i001 0 eng |
| 010 |
|
|
|z 2004063747
|
| 020 |
|
|
|z 0821359320 (pbk.)
|
| 020 |
|
|
|a 0821360841 (electronic bk.)
|
| 035 |
|
|
|a (MiAaPQ)EBC459511
|
| 035 |
|
|
|a (Au-PeEL)EBL459511
|
| 035 |
|
|
|a (CaPaEBR)ebr10082387
|
| 035 |
|
|
|a (CaONFJC)MIL16503
|
| 035 |
|
|
|a (OCoLC)936300871
|
| 040 |
|
|
|a MiAaPQ
|c MiAaPQ
|d MiAaPQ
|
| 050 |
|
4 |
|a HC492
|b .T8576 2005
|
| 082 |
0 |
4 |
|a 330.9561/04
|2 22
|
| 245 |
0 |
0 |
|a Turkey
|h [electronic resource] :
|b economic reform and accession to the European Union /
|c editors, Bernard Hoekman and Subidey Togan.
|
| 260 |
|
|
|a Washington, DC :
|b World Bank :
|b Centre for Economic Policy Research,
|c c2005.
|
| 300 |
|
|
|a xxxvii, 362 p. :
|b ill., map.
|
| 490 |
1 |
|
|a Trade and development series
|
| 500 |
|
|
|a "The essays in this volume, with the exception of the last three, were discussed at the conference 'Turkey: towards EU accession,' held May 10-11, 2003, in Ankara, Turkey"--P. xi.
|
| 500 |
|
|
|a A copublication of the World Bank and the Centre for Economic Policy Research."
|
| 504 |
|
|
|a Includes bibliographical references and index.
|
| 533 |
|
|
|a Electronic reproduction. Ann Arbor, MI : ProQuest, 2015. Available via World Wide Web. Access may be limited to ProQuest affiliated libraries.
|
| 610 |
2 |
0 |
|a European Union
|x Membership.
|
| 650 |
|
0 |
|a International economic integration.
|
| 651 |
|
0 |
|a Turkey
|x Economic policy.
|
| 651 |
|
0 |
|a Turkey
|x Economic conditions.
|
| 655 |
|
4 |
|a Electronic books.
|
| 700 |
1 |
|
|a Togan, Subidey.
|
| 700 |
1 |
|
|a Hoekman, Bernard M.,
|d 1959-
|
| 710 |
2 |
|
|a ProQuest (Firm)
|
| 830 |
|
0 |
|a Trade and development series.
|
| 856 |
4 |
0 |
|u https://ebookcentral.proquest.com/lib/matrademy/detail.action?docID=459511
|z Click to View
|